LEADER 01099nam0 2200289 450 001 000019091 005 20081110133537.0 100 $a20081110d1970----km-y0itay50------ba 101 1 $aeng$cspa 102 $aGB 105 $aa-------001yy 200 1 $aEconomic development of Latin America$ea survey from colonial times to the Cuban revolution$fby Celso Furtado$gtranslated by Suzette Macedo 210 $aCambridge$cCambridge university press$d1970 215 $aXVI, 271 p.$cill.$d22 cm 225 2 $aCambridge Latin American studies$v8 410 0$12001$aCambridge Latin American studies 451 0$1001000004067 500 10$aFormação econômica da América Latina$m$929837 610 1 $aAmerica Latina$aCondizioni economiche 610 1 $aAmerica latina$aSviluppo economico$aStoria 676 $a330.98$v19$9Situazioni e condizioni economiche. 700 1$aFurtado,$bCelso$0120562 801 0$aIT$bUNIPARTHENOPE$c20081110$gRICA$2UNIMARC 912 $a000019091 951 $a121/63$b4025$cNAVA2 996 $aFormacao economica da America Latina$929837 997 $aUNIPARTHENOPE LEADER 01265nam--2200421---450- 001 990001338320203316 005 20050715103452.0 010 $a88-430-0146-9 035 $a000133832 035 $aUSA01000133832 035 $a(ALEPH)000133832USA01 035 $a000133832 100 $a20040109d1987----km-y0enga50------ba 101 0 $aita 102 $aIT 105 $ay|||z|||001yy 200 1 $aManuale di sociologia sanitaria$fa cura di Pierpaolo Donati 210 $aRoma$cLa Nuova Italia Scientifica$dcopyr. 1987 215 $a282 p.$d24 cm 225 2 $a<> manuali$v53 410 0$a<> manuali$12001 606 0 $aAssistenza sanitaria 606 0 $aServizi sanitari 606 0 $aServizi sociali 676 $a362.1042 700 1$aDONATI,$bPierpaolo$039910 801 0$aIT$bsalbc$gISBD 912 $a990001338320203316 951 $aII.5. 3828(XV B 1117)$b172238 L.M.$cXV B$d00091597 959 $aBK 969 $aUMA 979 $aMARIA$b10$c20040109$lUSA01$h1025 979 $aPATRY$b90$c20040406$lUSA01$h1735 979 $aPAOLA$b90$c20040416$lUSA01$h1349 979 $aCOPAT1$b90$c20050715$lUSA01$h1034 979 $aCHIARA$b90$c20110526$lUSA01$h1508 996 $aManuale di sociologia sanitaria$9813176 997 $aUNISA